• 首页
  • 本馆介绍
  • 公告通知
  • 最新文献
  • 馆藏检索
  • 电子资源
  • 读者导购
  • 参考咨询
  • 我的图书馆
  • 登录
  • 详细信息显示
  • 放入我的书架
  • 预约/预借图书
  • 作者相关作品
  • 分类相关作品
  • 丛书相关作品
  • 出版社相关作品

书目信息

  • 表格格式
  • 工作单格式
  • 卡片格式
题名:
走向21世纪的世界与中国
    
 
作者: 韩文辉 主编
分册:  
出版信息: 哈尔滨   哈尔滨工业大学出版社  1994
页数: 217页
开本: 19cm
丛书名:
单 册:
中图分类: D643
科图分类: 38.134
主题词: 时事政策教育
电子资源:
ISBN: 7-5603-0865-1
000 00623nam0 2200217 45
001 0195021681
005 20070721090531.18
010    @a7-5603-0865-1@dCNY5.00
100    @a19950512d1994 em y0chiy0121 ea
101 0  @achi
102    @aCN@b230000
105    @ay z 000yy
200 10 @a走向21世纪的世界与中国@AZOU XIANG 21 SHI JI DE SHI JIE YU ZHONG GUO@f韩文辉主编@FHAN WEN HUI ZHU BIAN
210    @a哈尔滨@c哈尔滨工业大学出版社@d1994
215    @a217页@d19cm
606    @a时事政策教育
690    @aD643
692    @a38.134
701  0 @a韩文辉@AHAN WEN HUI@4主编
801  0 @aCN@bTSSF@c20070721
905    @a10447@dD643@e132
    
    走向21世纪的世界与中国/韩文辉主编.-哈尔滨:哈尔滨工业大学出版社,1994
    217页;19cm
    
    
    ISBN 7-5603-0865-1:CNY5.00
    
●
相关链接 在E读中查询图书 在五车中查询图书 在当当中查询图书 在豆瓣中查询图书


正题名:走向21世纪的世界与中国     索取号:D643/132         预约/预借

序号 登录号 条形码 馆藏地/架位号 状态 备注
1 0770029   207700291   第一样本阅览室/ [索取号:D643/132] 在馆    
唐山师范学院图书馆 欢迎您!
大连网信软件有限公司© 版权所有